| 000 | 02181ncm0a22003851 4500 | ||
|---|---|---|---|
| 001 | RU\NLR\ONIZ\222916 | ||
| 005 | 20250626095131.0 | ||
| 035 | _aRU\NLR\ONIZ\Таня\5000006454\20180112132625 | ||
| 035 | _a(NLR Aleph) 011596283 | ||
| 071 | 2 | 0 | _aс 2064 к |
| 090 |
_a10863224 _c10863224 |
||
| 100 | _a20180112d1993 |||y0rusy50 ca | ||
| 101 | 0 |
_aeng _arus _fspa _frus |
|
| 102 | _aRU | ||
| 125 | _azx | ||
| 145 | 0 | _ab | |
| 200 | 1 |
_aAlborada del gracioso. Утренняя серенада шута _bНоты _dJoker`s morning serenade _zeng _eдля 2 фп. _fМ. Равель _gперелож. А. С. Бубельникова |
|
| 210 |
_aСанкт-Петербург _cКомпозитор - Санкт-Петербург _d1993 |
||
| 215 |
_a32 с. _d33 см |
||
| 313 | _aСистематизация документа проведена по изданию - Методика классифицирования музыкальных произведений (нотных изданий) по таблицам Библиотечно-библиографических классификаций : метод. рекомендации / Гос. б-ка СССР им. В.И. Ленина.- М., 1977. Индексу ББК методических рекомендаций присваивается код ББК для научных библиотек - LBC/SL | ||
| 500 | 0 | 0 | _aОтражения |
| 606 | 1 |
_aСеренады инструментальные _yФранция _z19-20 вв. _jНоты _2nlr_sh |
|
| 686 |
_aЩ952.424.4-095-056.7(4Фр) _vLBC/SL _2rubbk |
||
| 700 | 1 |
_4230 _7ca _8rus _aРавель _bМ. _f1875-1937 _gМорис _9256929 _3RU\NLR\AUTH\770256985 |
|
| 702 | 1 |
_9z02790 _aБубельников _bА. С. _f1911-1989 _gАрон Соломонович _4570 |
|
| 790 | 1 |
_4230 _7ba _8fre _aRavel _bM. _f1875-1937 _gMaurice _9256934 _3RU\NLR\AUTH\770256990 |
|
| 790 | 1 |
_9z02702 _aBubel`nikov _bA. S. _f1911-1989 _gAron Solomonovich _4570 |
|
| 801 | 0 |
_aRU _bNLR _c20180112 _gPSBO |
|
| 801 | 1 |
_aRU _bNLR _c20180112 _2rusmarc |
|
| 801 | 2 |
_aRU _bNLR _c20180112 |
|
| 852 |
_aNLR _bМ _jК-4/4785 _p279073 _t1 |
||
| 942 | _cSCORE | ||
| 980 | _aNB | ||
| 980 | _aONIZ | ||